| 000 | 00380nam a2200145Ia 4500 | ||
|---|---|---|---|
| 008 | 150201s2011 xx 000 0 und d | ||
| 082 |
_a616.8914 _bC11G |
||
| 100 | _aGAEBE, WOLFGENG | ||
| 245 | _aCURRENT SCIENCE AND CLINICAL PRACTICE SEHIZOPHRENIA | ||
| 250 | _a1ST | ||
| 260 |
_bWILEY BLACKWELL _aINDIA _c2011 |
||
| 300 | _a1-254 | ||
| 650 | _aGENERAL SURGERY | ||
| 942 |
_2ddc _cBK |
||
| 999 |
_c1754 _d1754 |
||